000 00680nam a2200289Ia 4500
005 20260324133913.0
008 008 260324s9999 xx 000 0 eng d
020 _a9780429476426
037 _aEBOOK
040 _aCRL
040 _beng
040 _cCRL
041 _2eng
041 _aeng
084 _qCRL
100 _aPaul Williams
245 0 _aKey Papers on Borderline Disorders
245 0 _bWith IJP Internet Discussion Reviews
260 _bTaylor and Francis
260 _c2002
365 _a
365 _b205
856 _uhttp://www.taylorfrancis.com/books/9780429476426
942 _cEBOOK
999 _c1794364
_d1794364